| 000 | 00471nam a2200169Ia 4500 | ||
|---|---|---|---|
| 999 |
_c21591 _d21591 |
||
| 003 | OSt | ||
| 005 | 20200616130209.0 | ||
| 008 | 190216s9999||||xx |||||||||||||| ||und|| | ||
| 020 | _a9789381293546 | ||
| 040 | _coclc | ||
| 082 |
_a305.568 _bRAJ/C |
||
| 100 |
_aRajan, R _92983 |
||
| 245 | 0 |
_aCaste, Class And Power / _c R Rajan |
|
| 260 |
_bCentrum Press, _c2011. _aNew Delhi: |
||
| 300 | _a296p | ||
| 942 |
_cBK _2ddc _h305.568 _iRAJ/C _k305.568 _mRAJ/C |
||